000 00666nam a2200205 a 4500
001 000043156
005 20201002040700.0
008 140220s2007 sp 000 0 spa d
020 _a9788496145719
040 _aDO-SdBNP
_bspa
_cBNPHU
082 _axxx
_bxxx
100 1 _aHernández, Avelino
_970718
245 1 0 _aCartas desde Selva /
_cAvelino Hernández.
260 _aSegovia :
_bCaja de Ahorros de Segovia,
_c2007.
300 _a238 p. ;
_c20 cm.
490 1 _aTertulia de los martes
_v22
500 _aIncluye datos biográficos del autor en la solapa de la cubierta
504 _aBibliografía : p. 231-238
830 0 _aTertulia de los martes ;
_n22
_970719
999 _c42645
_d42645